MARC details
| 000 -CABECERA |
| campo de control de longitud fija |
01347nam a2200241 a 4500 |
| 001 - NÚMERO DE CONTROL |
| campo de control |
000035515 |
| 005 - FECHA Y HORA DE LA ÚLTIMA TRANSACCIÓN |
| campo de control |
20200930074411.0 |
| 008 - DATOS DE LONGITUD FIJA--INFORMACIÓN GENERAL |
| campo de control de longitud fija |
111102m19601966mx 000 0 spa d |
| 040 ## - FUENTE DE LA CATALOGACIÓN |
| Centro catalogador/agencia de origen |
DO-SdBNP |
| Lengua de catalogación |
spa |
| Centro/agencia transcriptor |
BNPHU |
| 082 ## - NÚMERO DE LA CLASIFICACIÓN DECIMAL DEWEY |
| Número de clasificación |
109 |
| Número de documento/Ítem |
H673f |
| 245 00 - MENCIÓN DE TÍTULO |
| Título |
Historia de la filosofía / |
| Mención de responsabilidad, etc. |
Redacción general de M. A. Dynnik ... [et. al.] ; traducción José Lain y Adolfo Sánchez Vázquez. |
| 260 ## - PUBLICACIÓN, DISTRIBUCIÓN, ETC. |
| Lugar de publicación, distribución, etc. |
México : |
| Nombre del editor, distribuidor, etc. |
Grijalbo, |
| Fecha de publicación, distribución, etc. |
1960-. |
| 300 ## - DESCRIPCIÓN FÍSICA |
| Extensión |
v. ; |
| Dimensiones |
22 cm. |
| 500 ## - NOTA GENERAL |
| Nota general |
A la cabeza del título : Academia de Ciencias de la URSS. Instituto de Filosofía. |
| 500 ## - NOTA GENERAL |
| Nota general |
La biblioteca posee los volúmenes I-III-IV-V-VI |
| 505 0# - NOTA DE CONTENIDO CON FORMATO |
| Nota de contenido con formato |
v. 1. De la antigüedad a comienzos del siglo XIX -- |
| Información miscelánea |
v. 2. De la revolución burguesa de Francia de 1789 al nacimiento del marxismo -- |
| -- |
v. 3. Desde el nacimiento del marxismo hasta finales del siglo XIX -- |
| -- |
v. 4. Segunda mitad del siglo XIX -- |
| -- |
v. 5. Desde finales del siglo XIX hasta la Revolución Socialista de octubre de 1917 -- |
| -- |
v. 6. Desde la Revolución Socialista de octubre de 1917 hasta nuestros días. |
| 590 ## - NOTA LOCAL (RLIN) |
| Nota local |
Perteneció a la biblioteca personal de Juan Isidro Jimenes Grullón |
| 650 #4 - PUNTO DE ACCESO ADICIONAL DE MATERIA--TÉRMINO DE MATERIA |
| Término de materia o nombre geográfico como elemento de entrada |
Filosofía |
| Subdivisión general |
Historia |
| 9 (RLIN) |
528 |
| 700 12 - PUNTO DE ACCESO ADICIONAL--NOMBRE DE PERSONA |
| Nombre de persona |
Dynnik, M. A. |
| 9 (RLIN) |
47846 |
| 700 12 - PUNTO DE ACCESO ADICIONAL--NOMBRE DE PERSONA |
| Nombre de persona |
Lain. José, |
| Término indicativo de función/relación |
tr. |
| 9 (RLIN) |
47847 |
| 700 12 - PUNTO DE ACCESO ADICIONAL--NOMBRE DE PERSONA |
| Nombre de persona |
Sánchez Vázquez, Adolfo, |
| Término indicativo de función/relación |
tr. |
| 9 (RLIN) |
5417 |
| 910 ## - DATOS DE OPCIÓN DEL USUARIO (OCLC) |
| Datos de opción del usuario |
Validado. Control de calidad MFF |